Inovácie a základné modely ich financovania

Systém financovania inovácií je naviazaný na štruktúru a inštitucionálne vlastnosti ekonomiky. Definícia rozdielov je zahrnutá do vedecko-technického rozvoja krajiny, ľudského kapitálu, veľkosti ekonomiky a type finančného sektora. Štyri základné typy financovania inovácií. Parametre finančného sekt...

Ausführliche Beschreibung

Gespeichert in:
Bibliographische Detailangaben
1. Verfasser: Bačišin, Vladimír
Format: Buchkapitel
Schlagworte:
Tags: Tag hinzufügen
Keine Tags, Fügen Sie das erste Tag hinzu!

MARC

LEADER 00000naa$a2200000$$$4500
001 0111621
005 20220729111610.1
044 |a SK 
245 1 0 |a Inovácie a základné modely ich financovania  |c Vladimír Bačišin 
520 |a Systém financovania inovácií je naviazaný na štruktúru a inštitucionálne vlastnosti ekonomiky. Definícia rozdielov je zahrnutá do vedecko-technického rozvoja krajiny, ľudského kapitálu, veľkosti ekonomiky a type finančného sektora. Štyri základné typy financovania inovácií. Parametre finančného sektora a corporate governance charekteristické pre krajiny s rôznym systémom financovania inovácií. 
610 2 0 |a financovanie 
610 2 0 |a inovácia 
610 2 0 |a modely 
610 2 0 |a objavy vedecké 
610 2 0 |a efektívnosť inovácií 
610 2 0 |a rozvoj vedeckotechnický 
100 1 |a Bačišin, Vladimír